| 000 | 01240nam a2200337 a 4500 | ||
|---|---|---|---|
| 001 | |||
| 003 | OSt | ||
| 005 | 20251128115601.0 | ||
| 008 | 100406s2013 dr 001 0dspa d | ||
| 040 |
_a BPMSU _bspa _c BPMSU |
||
| 049 | _a | ||
| 082 |
_a923.27293 _bD812a 2013 _222 |
||
| 245 | 0 | 0 |
_aApuntes de Rosa Duarte : _barchivo y versos de Juan Pablo Duarte / _cedición y notas de E. Rodríguez Demorizi, C. Larrazábal Blanco, V. Alfau Durán; prólogo Pedro Troncoso Sánchez. |
| 250 | _a6a ed. | ||
| 260 |
_aSanto Domingo : _bInstituto Duartiano, _c2013. |
||
| 300 |
_a338 p. ; _c23 cm. |
||
| 500 | _aIncluye índice onomástico | ||
| 500 | _aIncluye referencias bibliográficas y notas al pie de páginas | ||
| 590 | _6Inventariado, 2021/VM | ||
| 600 | 1 | 7 |
_aDuarte, Juan Pablo, _d1813-1876 |
| 650 | 7 | _aPoesía dominicana | |
| 650 | 7 | _aLiteratura dominicana. | |
| 651 | 7 |
_aRepública Dominicana _xHistoria _y1844-1930 _xFuentes |
|
| 700 |
_aRodríguez Demorizi, Emilio, _d1908-1986 _eed. |
||
| 700 | 1 |
_aAlfau Durán, Vetilio, _d1909-1985 _eed. |
|
| 700 | 1 |
_aLarrazábal Blanco, Carlos, _d1894-1989, _eed. |
|
| 700 | 1 |
_aTroncoso Sánchez, Pedro, _d1904-1989, _epról. |
|
| 910 | _aVMateo V. | ||
| 942 |
_2ddc _cBK |
||
| 956 | _aVMateo | ||
| 999 |
_c13630 _d13630 |
||